Sharḥ maʻānī al-āthār, (Record no. 50596)
[ view plain ]
| 000 -LEADER | |
|---|---|
| fixed length control field | 01017cam a22002531 4500 |
| 001 - CONTROL NUMBER | |
| control field | ne 68002722 |
| 003 - CONTROL NUMBER IDENTIFIER | |
| control field | DLC |
| 005 - DATE AND TIME OF LATEST TRANSACTION | |
| control field | 20260227111844.0 |
| 008 - FIXED-LENGTH DATA ELEMENTS--GENERAL INFORMATION | |
| fixed length control field | 820728s1968 ua 000 0 arar |
| 010 ## - LIBRARY OF CONGRESS CONTROL NUMBER | |
| LC control number | ne 68002722 |
| 025 ## - OVERSEAS ACQUISITION NUMBER | |
| Overseas acquisition number | PL480:UAR-9262 |
| 035 ## - SYSTEM CONTROL NUMBER | |
| System control number | (OCoLC)8638126 |
| 040 ## - CATALOGING SOURCE | |
| Original cataloging agency | DLC |
| Transcribing agency | TU |
| Modifying agency | TU |
| -- | DLC |
| 050 00 - LIBRARY OF CONGRESS CALL NUMBER | |
| Classification number | BP135.A2 |
| Item number | T33 |
| 100 1# - MAIN ENTRY--PERSONAL NAME | |
| Personal name | Ṭaḥāwī, Aḥmad ibn Muḥammad, |
| Dates associated with a name | 852?-933. |
| 245 10 - TITLE STATEMENT | |
| Title | Sharḥ maʻānī al-āthār, |
| Statement of responsibility, etc. | li-Abī Jaʻfar Aḥmad ibn Muḥammad ibn Salāmah ibn ʻAbd al-Malik ibn Salāmah al-Azdī al-Ḥajarī al-Miṣrī al-Ṭaḥāwī al-Ḥanafī. Ḥaqqaqahu wa-qaddama lahu wa-ʻallaqa ʻalayh Muḥammad Sayyid Jād al-Ḥaqq. |
| 260 ## - PUBLICATION, DISTRIBUTION, ETC. | |
| Place of publication, distribution, etc. | al-Qāhirah, |
| Name of publisher, distributor, etc. | Maṭabaʻat al-anwār al-Muḥammadīyah |
| Date of publication, distribution, etc. | [1968] |
| 300 ## - PHYSICAL DESCRIPTION | |
| Extent | 4 v. |
| Dimensions | 28 cm. |
| 500 ## - GENERAL NOTE | |
| General note | Vols. 2-4 edited by Muḥammad Zahrī al-Najjār. |
| 650 #0 - SUBJECT ADDED ENTRY--TOPICAL TERM | |
| Topical term or geographic name entry element | Hadith. |
| 700 2# - ADDED ENTRY--PERSONAL NAME | |
| Personal name | Jād al-Ḥaqq, Muḥammad Sayyid , |
| Relator term | ed. |
| 700 1# - ADDED ENTRY--PERSONAL NAME | |
| Personal name | Najjār, Muḥammad Zahrī, |
| Relator term | ed. |
| 740 0# - ADDED ENTRY--UNCONTROLLED RELATED/ANALYTICAL TITLE | |
| Uncontrolled related/analytical title | Maʻānī al-āthār. |
No items available.